00452nam a2200157Ia 4500003000900000008004100009040001600050080001600066100001600082245007600098260003400174300001800208650004100226650001400267650001300281IN-BaIIA211028s9999 xx 000 0 eng d cIIA Library a524.83bNOR aNorth, J. D 4aThe Measure of the universeba history of modern cosmologycJ. D. North aOxfordbClarendon Pressc1965 axxviii, 436p. aAstronomy and astrophysics thesaurus aCosmology aUniverse